| 000 | 02062nam a2200241 i 4500 | ||
|---|---|---|---|
| 001 | 115590 | ||
| 003 | ES-MaACL | ||
| 005 | 20230906190514.0 | ||
| 007 | t| | ||
| 008 | 070320m19141921ag ||||1| spa d | ||
| 245 | 0 | 0 |
_aDocumentos para la historia argentina / _c[Enrique del Valle Iberlucea, Miguel de Lastarría ... et al.]. |
| 260 |
_aBuenos Aires : _bFacultad de Filosofía y Letras, Instituto de Investigaciones Históricas, _c1914-1921. |
||
| 300 |
_a15 v. ; _c27 cm. |
||
| 490 | 1 | _aDocumentos para la historia de Argentina | |
| 505 | 8 | _aContiene: 1. Real Hacienda (1776-1780) - 2. Real Hacienda (1774-1780) - 3. Colonias orientales del Río Paraguay o de la Plata - 4. Abastos de la ciudad y campaña de Buenos Aires (1773-1809) - 5. Comercio de Indias. Antecedentes legales (1713-1778) - 6. Comercio de Indias. Comercio libre (1778-1791) - 7. Comercio de Indias. Consulado, comercio de negros y de extranjeros (1791-1809) - 8. Sesiones de la Junta Electoral de Buenos Aires (1815-1820) - 9. Administración edilicia de la ciudad de Buenos Aires (1776-1805) - 11. Territorio y población. Padrón de la ciudad de Buenos Aires (1778) - 12. Territorio y población. Padrón de la campaña de Buenos Aires (1778). Padrones complementarios de la ciudad de Buenos Aires (1806, 1807, 1809 y 1810). Censo de la ciudad y campaña de Montevideo (1780) - 13. Comunicaciones oficiales y confidenciales de Gobierno (1820-1823) - 14. Correspondencias generales de la Provincia de Buenos Aires relativas a relaciones exteriores (1820-1824) - 20. Antecedentes de la Revolución de mayo. Un Virrey. 1808, mayo-julio - 21. Actas de la Comisión creada por el soberano Congreso de Tucumán | |
| 651 | 4 |
_aArgentina- _xHistoria- _vFuentes. _97810 |
|
| 700 | 1 |
_aValle Iberlucea, Enrique del. _9112793 |
|
| 700 | 1 |
_aLastarría, Miguel de. _9138469 |
|
| 710 | 2 |
_aUniversidad de Buenos Aires. _bInstituto de Investigaciones Históricas. _9162617 |
|
| 830 | 1 |
_aDocumentos para la historia de Argentina _9233268 |
|
| 852 |
_aES-MaACL _jC-6675-89 |
||
| 999 |
_c115590 _d115590 |
||